000 00528nam a22001937a 4500
999 _c7734
_d7734
003 OSt
005 20220223111508.0
008 220223b ||||| |||| 00| 0 eng d
020 _a0521484863
040 _cDDC
082 _a530 RID 1994
100 _aRidley, B. K.
_91113
245 _aTime, space, and things
260 _aNew York :
_bCambridge University Press;
_c c1994.
300 _aviii, 182 p. :
_bill. ;
_c 23 cm.
504 _aIncludes index.
650 _aPhysics -- Popular works.
_915784
942 _2ddc
_cO_SHELF